[Event "29th Mem Nezhmetdinov"]
[Site "Kazan RUS"]
[Date "2007.06.02"]
[Round "2"]
[White "Simonov,S"]
[Black "Voitsekhovsky,S"]
[Result "1-0"]
[WhiteElo "2297"]
[BlackElo "2503"]

1.e4 c5 2.Nf3 d6 3.d4 cxd4 4.Nxd4 Nf6 5.Nc3 a6 6.Be3 e5 7.Nf3 Qc7 8.a4 b6
9.Bg5 Nbd7 10.Nd2 Bb7 11.Bc4 h6 12.Bxf6 Nxf6 13.Qe2 Be7 14.O-O O-O 15.Rfd1 Rfd8
16.Nf1 b5 17.axb5 axb5 18.Rxa8 Bxa8 19.Bxb5 Qb7 20.Nd5 Nxd5 21.exd5 f5 22.c4 Rf8
23.Ra1 Qc7 24.Qe3 Bg5 25.Qa7 Bb7 26.Bc6 Rf7 27.Qa4 e4 28.b4 h5 29.Bxb7 Qxb7
30.Qb5 Rd7  1-0

[Event "ch-St Petersburg"]
[Site "St Petersburg RUS"]
[Date "2007.06.02"]
[Round "5"]
[White "Solovjov,S"]
[Black "Anisimov,P"]
[Result "0-1"]
[WhiteElo "2414"]
[BlackElo "2497"]

1.e4 c5 2.Nf3 d6 3.d4 cxd4 4.Nxd4 Nf6 5.Nc3 a6 6.Be3 e5 7.Nb3 Be6 8.Qd2 Be7
9.f3 O-O 10.O-O-O a5 11.Qe1 Qc8 12.a4 Nc6 13.g4 Nb4 14.g5 Ne8 15.Kb1 b5 16.Bxb5 Nc7
17.Bd3 Nca6 18.Nd5 Bxd5 19.exd5 Nxd3 20.Rxd3 Nb4 21.Rd2 Qd7 22.Nc1 Qxa4 23.c3 Na6
24.h4 Qd7 25.Qe2 Rfc8 26.h5 Bxg5 27.Bxg5 Qf5+ 28.Qe4 Qxg5 29.f4 Qxf4 30.Qxf4 exf4
31.Ne2 Rab8 32.Rf1 Rc4 33.Rxf4 Rxf4 34.Nxf4 Nc5 35.Kc2 g5 36.Ne2 Ne4 37.Rd1 f5
38.Nd4 f4 39.Re1 Re8 40.b4 axb4 41.cxb4 g4 42.b5 Rc8+ 43.Kd3 Nc5+ 44.Ke2 Re8+
45.Kf1 Rxe1+ 46.Kxe1 Kf7 47.b6 f3 48.Ne6 Nb7 49.Kf2 Kf6 50.Kg3 Kf5 51.h6 Ke4
52.Kf2 Kf5 53.Kg3 Kg6 54.Nd4 Kg5 55.Nc2 Nc5 56.Ne3 Ne4+ 57.Kh2 g3+ 58.Kh3 g2
59.Kh2 Nc5 60.Nc4 Kf4  0-1

[Event "XV Lasker Mem Open A"]
[Site "Barlinek POL"]
[Date "2007.06.03"]
[Round "2"]
[White "Demidowicz,M"]
[Black "Czaja,R"]
[Result "0-1"]
[WhiteElo "1982"]
[BlackElo "2146"]

1.e4 c5 2.Nf3 d6 3.d4 cxd4 4.Nxd4 Nf6 5.Nc3 a6 6.Be3 e5 7.Nb3 Be6 8.f3 Be7
9.Qd2 Nbd7 10.g4 b5 11.g5 Nh5 12.O-O-O O-O 13.Rg1 Qc7 14.Kb1 Nb6 15.Nd5 Bxd5
16.exd5 Rfc8 17.Qf2 Nc4 18.Bc1 a5 19.Bh3 Rcb8 20.Bg4 Nf4 21.Bxf4 exf4 22.Nd4 Bxg5
23.Nf5 Bf6 24.Bh5 g6 25.Nd4 Kh8 26.Bg4 Qc5 27.Rd3 b4 28.h4 h5 29.Bh3 a4 30.Rgd1 a3
31.Qh2 Be5 32.Nc6 axb2 33.Nxe5 dxe5  0-1

[Event "8th United Insurance"]
[Site "Dhaka BAN"]
[Date "2007.06.03"]
[Round "9"]
[White "Mohammad,Ali"]
[Black "Hasan,Me"]
[Result "0-1"]
[WhiteElo "2200"]
[BlackElo "2269"]

1.e4 c5 2.Nf3 d6 3.d4 cxd4 4.Nxd4 Nf6 5.Nc3 a6 6.Be3 e5 7.Nb3 Be6 8.f3 Be7
9.Qd2 O-O 10.O-O-O Nbd7 11.g4 b5 12.h4 b4 13.Nd5 Bxd5 14.exd5 Nb6 15.Bxb6 Qxb6
16.Qd3 Rfc8 17.Kb1 a5 18.Nd2 a4 19.Ne4 a3 20.b3 Ra5 21.Nxf6+ Bxf6 22.Qe4 g6
23.Bd3 Rc3 24.g5 Bg7 25.h5 Ra8 26.Rh4 Qf2 27.Rdh1 Rac8 28.R4h2 Qd4 29.Qxd4 exd4
30.Re2 R3c5 31.Rhe1 Kf8 32.hxg6 hxg6 33.Re7 R5c7 34.Rxc7 Rxc7 35.f4 Rc5 36.Bc4 d3
37.cxd3 Rc8 38.Kc2 Bc3 39.Rf1 Re8 40.d4 Re3 41.f5 gxf5 42.Bd3 Rg3 43.Bxf5 Rxg5
44.Kd3 Rg2 45.Be6 Rxa2 46.Rxf7+ Ke8 47.Ra7 Rd2+ 48.Ke3 a2 49.Ra8+ Ke7 50.Bg4 Rh2
51.Be2  0-1

[Event "8th United Insurance"]
[Site "Dhaka BAN"]
[Date "2007.06.03"]
[Round "9"]
[White "Hossain,Enam"]
[Black "Ghaem Maghami,E"]
[Result "0-1"]
[WhiteElo "2495"]
[BlackElo "2599"]

1.e4 c5 2.Nf3 d6 3.d4 cxd4 4.Nxd4 Nf6 5.Nc3 a6 6.Be3 e5 7.Nb3 Be7 8.f3 Be6
9.g4 d5 10.g5 d4 11.gxf6 Bxf6 12.Bf2 dxc3 13.Qxd8+ Bxd8 14.bxc3 Nd7 15.O-O-O Rc8
16.Kb2 Rc6 17.Rg1 g6 18.Rg2 f6 19.Be3 Bb6 20.Bxb6 Nxb6 21.Na5 Na4+ 22.Ka3 Nxc3
23.Nxc6 Nxd1 24.Na5 Ne3 25.Rf2 b6 26.Nb3 Ke7 27.Bd3 Rc8 28.Rd2 h5 29.Kb2 a5
30.Bb5 Bc4 31.Bd7 Bxb3 32.axb3 Rxc2+  0-1

[Event "35th World Open"]
[Site "King of Prussia USA"]
[Date "2007.06.03"]
[Round "6"]
[White "Sadvakasov,D"]
[Black "Sandipan,C"]
[Result "0-1"]
[WhiteElo "2618"]
[BlackElo "2552"]

1.e4 c5 2.Nf3 d6 3.d4 cxd4 4.Nxd4 Nf6 5.Nc3 a6 6.Be3 e5 7.Nb3 Be6 8.f3 Be7
9.Qd2 h5 10.Nd5 Nxd5 11.exd5 Bf5 12.Be2 Nd7 13.Na5 Qc7 14.c4 Bh4+ 15.g3 Bf6
16.O-O b6 17.Nc6 Nb8 18.Nxb8 Rxb8 19.b4 a5 20.bxa5 bxa5 21.Rac1 O-O 22.c5 dxc5
23.Rxc5 Qd7 24.Rfc1 e4 25.Bd4 Bxd4+ 26.Qxd4 Rb4 27.Qc3 Rfb8 28.fxe4 Bxe4
29.Rc8+ Kh7 30.Rxb8 Rxb8 31.Qe5 Qa7+ 32.Kf1 Qe3 33.Qxh5+ Kg8 34.Re1 g6 35.Qh4 Bxd5
36.a4 g5 37.Qg4 Be6 38.Qh5 Rb2 39.Kg2 Bc4 40.Kf1 Kg7 41.Qg4 Be6 42.Qh5 Rb6
43.Rd1 Bh3+ 44.Qxh3 Rf6+ 45.Ke1 Qc3+ 46.Rd2 Rd6 47.Qg4 Qxd2+ 48.Kf1 Rf6+
49.Bf3 Re6 50.Be2 Qe3 51.Bf3 Qe1+ 52.Kg2 Qd2+  0-1

[Event "ch-St Petersburg"]
[Site "St Petersburg RUS"]
[Date "2007.06.03"]
[Round "6"]
[White "Lanin,A"]
[Black "Makarov,M"]
[Result "1/2-1/2"]
[WhiteElo "2465"]
[BlackElo "2515"]

1.e4 c5 2.Nf3 d6 3.d4 cxd4 4.Nxd4 Nf6 5.Nc3 a6 6.Be3 e5 7.Nb3 Be7 8.f3 Be6
9.Qd2 O-O 10.O-O-O Qc7 11.g4 Rc8 12.g5 Nh5 13.Kb1 Nd7 14.Rg1 Nb6 15.Qf2 Bd8
16.Qd2 Be7  1/2-1/2

[Event "XV Lasker Mem Open A"]
[Site "Barlinek POL"]
[Date "2007.06.04"]
[Round "3"]
[White "Siwiec,A"]
[Black "Gasik,An"]
[Result "1/2-1/2"]
[WhiteElo "2025"]
[BlackElo "2200"]

1.e4 c5 2.Nf3 d6 3.d4 cxd4 4.Nxd4 Nf6 5.Nc3 a6 6.Be3 e5 7.Nb3 Be7 8.f3 Be6
9.Qd2 O-O 10.O-O-O b5 11.g4 b4 12.Ne2 a5 13.Kb1 Nc6 14.g5 Nd7 15.h4 a4 16.Nbc1 b3
17.axb3 axb3 18.Nxb3 Bxb3 19.cxb3 Ra5 20.b4 Ra4 21.Nc3 Rxb4 22.Nd5 Qa5 23.Nxb4 Nxb4
24.b3 d5 25.exd5 Ra8 26.Qb2 Na2 27.Bd2 Bb4 28.Bxb4 Qxb4 29.Qxa2 Rxa2 30.Kxa2 Nb6
31.Bc4 Nxc4 32.bxc4 Qxc4+ 33.Kb2 Qb4+ 34.Kc2 Qc4+ 35.Kb2 Qb4+ 36.Kc2 Qc4+  1/2-1/2

[Event "35th World Open"]
[Site "King of Prussia USA"]
[Date "2007.06.04"]
[Round "8"]
[White "Rensch,D"]
[Black "Yap,N"]
[Result "0-1"]
[WhiteElo "2382"]
[BlackElo "2298"]

1.e4 c5 2.Nf3 d6 3.d4 cxd4 4.Nxd4 Nf6 5.Nc3 a6 6.Be3 e5 7.Nb3 Be6 8.f3 Nbd7
9.g4 Be7 10.Qd2 O-O 11.g5 Nh5 12.O-O-O Rc8 13.Rg1 Nb6 14.f4 Nxf4 15.Bxf4 exf4
16.Qxf4 g6 17.h4 Rxc3 18.bxc3 Qc8 19.Qe3 Na4 20.c4 b5 21.cxb5 axb5 22.Bxb5 Nc3
23.Nd4 Qc5 24.a4 Rc8 25.Rd3 Qb4 26.Nc6 Rxc6 27.Bxc6 Na2+ 28.Kd1 Bd8 29.Bd5 Bb6
30.Rb3 Bxe3 31.Rxb4 Nxb4 32.Rg3 Bf4 33.Ra3 Bg4+  0-1

[Event "35th World Open"]
[Site "King of Prussia USA"]
[Date "2007.06.04"]
[Round "8"]
[White "Sadvakasov,D"]
[Black "Bartell,T"]
[Result "1-0"]
[WhiteElo "2618"]
[BlackElo "2389"]

1.e4 c5 2.Nf3 d6 3.d4 cxd4 4.Nxd4 Nf6 5.Nc3 a6 6.Be3 e5 7.Nb3 Be6 8.f3 Nbd7
9.g4 Nb6 10.g5 Nh5 11.Qd2 Rc8 12.O-O-O h6 13.gxh6 g6 14.Kb1 Qc7 15.Rg1 Nc4
16.Bxc4 Bxc4 17.h4 b5 18.Nd5 Bxd5 19.exd5 Be7 20.Na5 Bxh4 21.Nc6 O-O 22.Qh2  1-0

[Event "ch-St Petersburg"]
[Site "St Petersburg RUS"]
[Date "2007.06.04"]
[Round "7"]
[White "Yemelin,V"]
[Black "Lanin,A"]
[Result "0-1"]
[WhiteElo "2564"]
[BlackElo "2465"]

1.e4 c5 2.Nf3 d6 3.d4 cxd4 4.Nxd4 Nf6 5.Nc3 a6 6.Be3 e5 7.Nb3 Be7 8.Qd2 O-O
9.O-O-O Be6 10.f4 Ng4 11.g3 Nxe3 12.Qxe3 b5 13.Kb1 b4 14.Na4 Nc6 15.f5 Bc8
16.Nb6 Rb8 17.Nxc8 Qxc8 18.g4 a5 19.Bc4 a4 20.Nd2 Nd4 21.Qd3 Bg5 22.b3 Bxd2
23.Rxd2 Rb6 24.g5 Kh8 25.h4 Rc6 26.h5 a3 27.g6 h6 28.gxf7 d5 29.exd5 Rf6
30.Qg3 Nxf5 31.Qxe5 Nd6 32.Bd3 R8xf7 33.Bg6 Rf1+ 34.Rd1 Qh3 35.Qxd6 Qc3 36.Kc1 Qb2+
37.Kd2 R1f2+ 38.Ke3 R7f3+ 39.Ke4 Qxc2+ 40.Ke5 Re3+  0-1

[Event "29th Mem Nezhmetdinov"]
[Site "Kazan RUS"]
[Date "2007.06.05"]
[Round "5"]
[White "Amonatov,F"]
[Black "Zakhartsov,V"]
[Result "1-0"]
[WhiteElo "2574"]
[BlackElo "2551"]

1.e4 c5 2.Nf3 d6 3.d4 cxd4 4.Nxd4 Nf6 5.Nc3 a6 6.Be3 e5 7.Nb3 Be6 8.f4 exf4
9.Bxf4 Nc6 10.Qd2 Be7 11.h3 O-O 12.O-O-O Qc7 13.g4 Rac8 14.Kb1 Rfe8 15.g5 Nd7
16.h4 b5 17.Bh3 Bf8 18.h5 Nb6 19.Qg2 b4 20.Nd5 Nxd5 21.exd5 Bxh3 22.Rxh3 Nd8
23.Nd4 Qd7 24.g6 fxg6 25.hxg6 h6 26.Rh5 Qe7 27.Rf5 Qh4 28.Qf3 Qe7 29.Rf1 Rc4
30.Bg5 hxg5 31.Qh1  1-0

[Event "zt 2.3 w"]
[Site "Santo Domingo DOM"]
[Date "2007.06.06"]
[Round "9"]
[White "Estrada Gaspar,N"]
[Black "Mateus,Mar"]
[Result "0-1"]
[WhiteElo "2079"]
[BlackElo "2130"]

1.e4 c5 2.Nf3 d6 3.d4 cxd4 4.Nxd4 Nf6 5.Nc3 a6 6.Be3 e5 7.Nb3 Be6 8.f3 Nbd7
9.Qd2 Qc7 10.g4 b5 11.a4 b4 12.Nd5 Bxd5 13.exd5 Nb6 14.Bxb6 Qxb6 15.a5 Qb7
16.Bc4 Be7 17.Ra4 Rb8 18.Qd3 Qd7 19.Ra1 e4 20.fxe4 Qxg4 21.Nd2 Nd7 22.Bxa6 Bh4+
23.Kf1 Nc5 24.Qe2 Qh3+ 25.Kg1 Nxa6 26.Qxa6 Qe3+ 27.Kg2 Qxd2+  0-1

[Event "ch-St Petersburg"]
[Site "St Petersburg RUS"]
[Date "2007.06.07"]
[Round "10"]
[White "Lovkov,R"]
[Black "Makarov,M"]
[Result "1/2-1/2"]
[WhiteElo "2427"]
[BlackElo "2515"]

1.e4 c5 2.Nf3 d6 3.d4 cxd4 4.Nxd4 Nf6 5.Nc3 a6 6.Be3 e5 7.Nb3 Be7 8.Qd2 Ng4
9.Nd5 Nxe3 10.Qxe3 Be6 11.Rd1 Bxd5 12.Rxd5 Nd7 13.Rd1 O-O 14.Be2 Qc7 15.c3 Nb6
16.O-O Rad8 17.Rfe1  1/2-1/2

[Event "ch-St Petersburg"]
[Site "St Petersburg RUS"]
[Date "2007.06.08"]
[Round "11"]
[White "Yemelin,V"]
[Black "Lovkov,R"]
[Result "1/2-1/2"]
[WhiteElo "2564"]
[BlackElo "2427"]

1.e4 c5 2.Nf3 d6 3.d4 cxd4 4.Nxd4 Nf6 5.Nc3 a6 6.Be3 e5 7.Nb3 Be6 8.f4 exf4
9.Bxf4 Nc6 10.Qe2 Be7 11.h3 O-O 12.O-O-O Qc7 13.g4 Rfe8 14.g5 Nd7 15.Qg2 b5
16.Kb1 Nce5 17.Nd5 Bxd5 18.exd5 Bf8 19.h4 g6 20.h5 Bg7 21.hxg6 hxg6 22.Nd4 Rac8
23.c3 Nb6 24.Bc1 Qb7 25.Qh3 Nbd7 26.Qh7+ Kf8 27.Bh3 b4 28.cxb4 Qxb4 29.Ne6+ Rxe6
30.dxe6 Nc4 31.e7+ Kxe7 32.Qxg7 Na3+ 33.Ka1 Nc2+ 34.Kb1 Na3+  1/2-1/2

[Event "8th UKR Universiad"]
[Site "Evpatoria UKR"]
[Date "2007.06.10"]
[Round "7"]
[White "Smirnov,I UKR"]
[Black "Areshchenko,A"]
[Result "1/2-1/2"]
[WhiteElo "2433"]
[BlackElo "2647"]

1.e4 c5 2.Nf3 d6 3.d4 cxd4 4.Nxd4 Nf6 5.Nc3 a6 6.Be3 e5 7.Nf3 Be7 8.Bc4 O-O
9.O-O Nc6 10.Bb3 Na5 11.Qe2 h6 12.Rfd1 Nxb3 13.axb3 Qe8 14.Nd2 b5 15.Nxb5 Bg4
16.f3 Bxf3 17.Qxf3 axb5 18.Nf1 Kh7 19.Ng3 g6 20.c3 Qc6 21.Rxa8 Rxa8 22.h4 Qd7
23.h5 Qe6 24.b4 Ra2 25.Bc1 Kg7 26.Qe2 Qd7 27.Rf1 Qg4 28.Qe3 Kg8 29.Qd3 Ra1
30.hxg6 fxg6 31.Bxh6 Rxf1+ 32.Kxf1 d5 33.exd5 e4 34.Qe3 Qd1+ 35.Qe1 Qb3 36.Kg1 Bd6
37.Nf1 Ng4 38.Qd2 Bc7  1/2-1/2

[Event "5th V Nabokov Mem"]
[Site "Kyiv UKR"]
[Date "2007.06.12"]
[Round "11"]
[White "Moliboga,V"]
[Black "Golichenko,I"]
[Result "1-0"]
[WhiteElo "2253"]
[BlackElo "2316"]

1.e4 c5 2.Nf3 d6 3.d4 cxd4 4.Nxd4 Nf6 5.Nc3 a6 6.Be3 e5 7.Nf3 Qc7 8.Nd5 Nxd5
9.exd5 Be7 10.a4 b6 11.Nd2 O-O 12.Nc4 Nd7 13.Be2 Bb7 14.a5 b5 15.Nb6 Nxb6
16.Bxb6 Qd7 17.O-O Rac8 18.Qd2 Qf5 19.c3 Bg5 20.Qd1 Qe4 21.Bf3 Qg6 22.g3 f5
23.Bh5 Qh6 24.Be2 Bd8 25.Bxd8 Rfxd8 26.Rc1 Rc5 27.c4 bxc4 28.Bxc4 Rdc8 29.Qa4 Qf6
30.Qb4 Qf7 31.Rc3 Qc7 32.Rfc1 Rb8 33.Qb6 Qxb6 34.axb6 a5 35.Ba2 Rb5 36.Rb3 Rxb3
37.Bxb3 Ba8 38.Rc6 Kf7 39.Rxd6 Ke7 40.Re6+ Kf7 41.d6 Bc6 42.Rxe5+ Kf6 43.Re6+ Kf7
44.Re7+ Kf6 45.Rf7+ Ke5 46.d7 Kd6 47.Rxg7 Bxd7 48.Rxh7 Bc6 49.Rh6+ Kc5 50.Rf6 Rxb6
51.Rxf5+ Kd6 52.Bd1 Rxb2 53.Bf3 Bb5 54.h4 a4 55.Bd5 a3 56.Bg8 Bc6 57.g4 Rb4
58.Rg5 Bf3 59.h5 Bxg4 60.h6 Bf3 61.Kh2 Be4 62.Kg3 Rb1 63.Kf4 Bc2 64.Ra5 Ra1
65.h7 Rh1 66.Rxa3 Bxh7 67.Ra6+ Kc5 68.Bxh7 Rxh7 69.Kf5 Kd5 70.f4 Rf7+ 71.Kg5 Rg7+
72.Kf6 Rh7 73.Kg6 Rh1 74.f5 Rg1+ 75.Kf7 Ke5 76.f6 Rb1 77.Ra5+ Kd6 78.Kg7 Rg1+
79.Kf8 Kd7 80.f7 Rg2 81.Rd5+ Ke6 82.Rd1 Ra2 83.Re1+ Kf6 84.Rf1+ Ke6 85.Kg8 Rg2+
86.Kh7 Rh2+ 87.Kg6  1-0

[Event "11th Master Open"]
[Site "Voronezh RUS"]
[Date "2007.06.12"]
[Round "1"]
[White "Kruchev,B"]
[Black "Voitsekhovsky,S"]
[Result "0-1"]
[WhiteElo "2283"]
[BlackElo "2503"]

1.e4 c5 2.Nf3 d6 3.d4 cxd4 4.Nxd4 Nf6 5.Nc3 a6 6.Be3 e5 7.Nb3 Be7 8.f3 Be6
9.Qd2 O-O 10.g4 d5 11.g5 d4 12.gxf6 Bxf6 13.Bxd4 exd4 14.Ne2 Nc6 15.O-O-O Qb6
16.Kb1 a5 17.Nf4 a4 18.Nc1 d3 19.Ncxd3 Rfd8 20.Qc1 a3 21.b3 Qa5 22.Qd2 Bc3
23.Qf2 Nd4 24.Ne2 Nb5 25.Rc1 Bd2 26.c4 Bxc1 27.Nexc1 Nd4 28.Rg1 b5 29.Nf4 Qc3
30.Rg3 Nxb3  0-1

[Event "11th Master Open"]
[Site "Voronezh RUS"]
[Date "2007.06.12"]
[Round "1"]
[White "Slizhevsky,A"]
[Black "Rudnev,Y"]
[Result "1-0"]
[WhiteElo "2452"]
[BlackElo "2172"]

1.e4 c5 2.Nf3 d6 3.d4 cxd4 4.Nxd4 Nf6 5.Nc3 a6 6.Be3 e5 7.Nb3 Be6 8.f3 Nbd7
9.g4 b5 10.g5 Nh5 11.Nd5 Rc8 12.a4 Bxd5 13.exd5 Be7 14.Qd2 O-O 15.axb5 axb5
16.Bxb5 f6 17.Na5 fxg5 18.Nc6 Qe8 19.Ra7 Bf6 20.Ne7+  1-0

[Event "11th Master Open"]
[Site "Voronezh RUS"]
[Date "2007.06.13"]
[Round "2"]
[White "Amonatov,F"]
[Black "Slizhevsky,A"]
[Result "1-0"]
[WhiteElo "2574"]
[BlackElo "2452"]

1.e4 c5 2.Nf3 d6 3.d4 cxd4 4.Nxd4 Nf6 5.Nc3 a6 6.Be3 e5 7.Nb3 Be6 8.f4 exf4
9.Bxf4 Nc6 10.Qe2 Be7 11.h3 Nd7 12.O-O-O Nce5 13.g4 Rc8 14.Qe1 Qc7 15.Kb1 Nb6
16.Nd4 g6 17.g5 Bf8 18.Qf2 Nec4 19.Bxc4 Nxc4 20.Nd5 Bxd5 21.exd5 Qb6 22.Rhe1+ Kd8
23.c3 Bg7 24.Bxd6 Qxd6 25.Nc6+ bxc6 26.dxc6 Rxc6 27.Rxd6+ Nxd6 28.Qf3 Kd7
29.Re7+ Kxe7 30.Qxc6 a5 31.Qc7+ Ke6 32.Qxa5 Rb8 33.Qa7 Rb5 34.a4 Rxg5 35.a5 Nc4
36.Qa6+ Nd6 37.Qa7 Nc4 38.Qa6+ Nd6 39.Qa8 Rb5 40.Kc2 Bh6 41.b4 Rb7 42.a6 Re7
43.Qc6 Be3 44.c4  1-0

[Event "Open"]
[Site "Teplice CZE"]
[Date "2007.06.16"]
[Round "1"]
[White "Cenek,M"]
[Black "Bujak,M"]
[Result "0-1"]
[WhiteElo "2029"]
[BlackElo "2218"]

1.e4 c5 2.Nf3 d6 3.d4 cxd4 4.Nxd4 Nf6 5.Nc3 a6 6.Be3 e5 7.Nb3 Qc7 8.f3 Be7
9.Qd2 h5 10.Be2 Be6 11.O-O Nbd7 12.Nd5 Bxd5 13.exd5 Nb6 14.Bxb6 Qxb6+ 15.Kh1 h4
16.a4 Nh5 17.Rf2 Bg5 18.a5 Qa7 19.Qe1 Be3 20.Kg1 Rc8 21.Bd3 Nf4 22.Bf5 Rc7
23.c3 Rh5 24.g3 hxg3 25.hxg3 Bxf2+ 26.Qxf2 Rh1+  0-1

[Event "III Perla Baltyku A"]
[Site "Mielno POL"]
[Date "2007.06.18"]
[Round "1"]
[White "Warakomska,A"]
[Black "Przybylski,W"]
[Result "1/2-1/2"]
[WhiteElo "2107"]
[BlackElo "2320"]

1.e4 c5 2.Nf3 d6 3.d4 cxd4 4.Nxd4 Nf6 5.Nc3 a6 6.Be3 e6 7.f3 b5 8.Qd2 b4
9.Nce2 e5 10.Nb3 Nc6 11.g4 Be6 12.Ng3 h6 13.h4 d5 14.g5 hxg5 15.hxg5 Rxh1
16.Nxh1 Nh5 17.Nc5 d4 18.Nxe6 fxe6 19.Qh2 dxe3 20.Qxh5+ Ke7 21.Rd1 Nd4 22.Bd3 Qa5
23.Kf1 Qxa2 24.g6 e2+ 25.Bxe2 Nxe2 26.Kxe2 Qc4+ 27.Ke1 Qc5 28.Qg5+ Ke8 29.Nf2 Be7
30.Qd2 Rd8 31.Qe2 Bh4 32.Rxd8+ Kxd8 33.Kf1 b3 34.c3 Bxf2 35.Qxf2 Qxf2+ 36.Kxf2 Kd7
37.Ke3 Kc6 38.Ke2 Kb5 39.Kd3 Kc5 40.Ke3 a5 41.Ke2 Kc4 42.Ke3 Kb5 43.Ke2 a4
44.Kd1 Kc5 45.Kc1 Kb6 46.Kd1 Kc6 47.Kc1 Kd6 48.Kd1 Kc6 49.Kc1 Kd6 50.Kd1 Ke7
51.Kd2 Kd6 52.c4 Kc6 53.Kd3 Kb6 54.Kd2  1/2-1/2

[Event "III Perla Baltyku A"]
[Site "Mielno POL"]
[Date "2007.06.20"]
[Round "4"]
[White "Kulon,K"]
[Black "Kusina,J"]
[Result "0-1"]
[WhiteElo "2196"]
[BlackElo "2147"]

1.e4 c5 2.Nf3 d6 3.d4 cxd4 4.Nxd4 Nf6 5.Nc3 a6 6.Be3 e5 7.Nb3 Be6 8.f3 Nbd7
9.Qd2 b5 10.g4 h6 11.a4 b4 12.Nd5 Bxd5 13.exd5 Nb6 14.Bxb6 Qxb6 15.a5 Qb7
16.O-O-O Be7 17.h4 Nd7 18.Qd3 Qc8 19.Qe4 Qb7 20.Qc4 O-O 21.Bd3 Rfc8 22.Qe4 Nf6
23.Qe2 Nd7 24.f4 g6 25.Kb1 Kg7 26.h5 g5 27.fxe5 Nxe5 28.Nd4 Bf8 29.Be4 Qc7
30.Rhf1 Re8 31.Qf2 Qd7 32.Rg1 Kg8 33.Rdf1 Ra7 34.Nc6 Rb7 35.Qg2 Bg7 36.Nd4 Nc4
37.Nf5 Rxe4 38.Re1 Rxe1+ 39.Rxe1 Ne5 40.Qe2 Rb5 41.Qf2 Nxg4 42.Ne7+ Qxe7  0-1

[Event "11th Master Open"]
[Site "Voronezh RUS"]
[Date "2007.06.21"]
[Round "9"]
[White "Slizhevsky,A"]
[Black "Sjugirov,S"]
[Result "0-1"]
[WhiteElo "2452"]
[BlackElo "2395"]

1.e4 c5 2.Nf3 d6 3.d4 cxd4 4.Nxd4 Nf6 5.Nc3 a6 6.Be3 e5 7.Nb3 Be7 8.f4 Qc7
9.f5 b5 10.a3 Bb7 11.Qf3 Nbd7 12.O-O-O Rc8 13.Bd3 d5 14.exd5 Bxa3 15.Bd2 Bd6
16.Kb1 b4 17.Ne4 Nxe4 18.Qxe4 Nf6 19.Qh4 Bxd5 20.Bxb4 O-O 21.Bxd6 Qxd6 22.Rhe1 Qc7
23.Rd2 Rfd8 24.Red1 e4 25.Bxa6 Ra8 26.Bb5 Qa7 27.c4 Qb6 28.Qe1 e3 29.Rd4 Be4+
30.Kc1 Rxd4 31.Rxd4 Qxd4  0-1

[Event "11th Master Open"]
[Site "Voronezh RUS"]
[Date "2007.06.21"]
[Round "9"]
[White "Kruchev,B"]
[Black "Chernov,Vl2"]
[Result "1-0"]
[WhiteElo "2283"]
[BlackElo "2071"]

1.e4 c5 2.Nf3 d6 3.d4 cxd4 4.Nxd4 Nf6 5.Nc3 a6 6.Be3 e6 7.Qd2 Nc6 8.f3 Be7
9.g4 h6 10.O-O-O Nxd4 11.Bxd4 b5 12.Bd3 e5 13.Be3 Be6 14.h4 Qa5 15.g5 hxg5
16.hxg5 Rxh1 17.Rxh1 Nd7 18.Kb1 b4 19.Nd5 Bxd5 20.exd5 Qxd5 21.Rh8+ Bf8 22.Qe2 Qc6
23.Bd2 a5 24.Bb5 Qb7 25.g6 f6 26.Qc4  1-0

[Event "III Perla Baltyku A"]
[Site "Mielno POL"]
[Date "2007.06.23"]
[Round "7"]
[White "Lapinski,K"]
[Black "Kusina,J"]
[Result "1/2-1/2"]
[WhiteElo "2175"]
[BlackElo "2147"]

1.e4 c5 2.Nf3 d6 3.d4 cxd4 4.Nxd4 Nf6 5.Nc3 a6 6.Be3 e5 7.Nb3 Be6 8.f3 Nbd7
9.g4 h6 10.Qd2 Be7 11.O-O-O b5 12.Kb1 Qc7 13.Bd3 b4 14.Ne2 a5 15.h4 a4 16.Nbc1 d5
17.g5 dxe4 18.gxf6 exd3 19.fxg7 dxc2+ 20.Qxc2 Qxc2+ 21.Kxc2 Rg8 22.Bxh6 Bf5+
23.Kd2 Ra6 24.Be3 Rxg7 25.Ke1 Rc6 26.Kf2 Rh7 27.h5 Nf6 28.Ng3 Bc2 29.Rd2 b3
30.axb3 axb3 31.Nd3 Nd7 32.Nf5 Bf8 33.Ra1 f6 34.Nb4 Rc8 35.Nxc2 bxc2 36.Rc1 Rxh5
37.Ng3 Rh2+ 38.Kf1 Rxd2 39.Bxd2 Rc4 40.Bc3 Nb6 41.Rxc2 Nd5 42.Rc1 Bh6 43.Nf5 Bxc1
44.Nd6+ Kd7 45.Nxc4 Kc6 46.Bd2 Bxd2 47.Nxd2 Kc5 48.Ne4+ Kc4 49.Kf2 Kb3 50.f4 exf4
51.Kf3 f5 52.Nd6 Kxb2 53.Nxf5  1/2-1/2

[Event "Open"]
[Site "Pula CRO"]
[Date "2007.06.24"]
[Round "2"]
[White "Petr,Ma"]
[Black "Marceta,M"]
[Result "1-0"]
[WhiteElo "2443"]
[BlackElo "2171"]

1.e4 c5 2.Nf3 d6 3.d4 cxd4 4.Nxd4 Nf6 5.Nc3 a6 6.Be3 e6 7.f3 Nbd7 8.Qd2 Be7
9.g4 h6 10.O-O-O Qc7 11.h4 b5 12.Bd3 Nc5 13.g5 hxg5 14.hxg5 Nh5 15.g6 fxg6
16.e5 Kf7 17.Rdg1 g5 18.exd6 Qxd6 19.Ne4 Nxd3+ 20.Qxd3 Qd5 21.Nxg5+ Bxg5
22.Rxg5 Nf4 23.Bxf4 Rxh1+ 24.Kd2 Rh2+ 25.Ke3 Qxg5 26.Bxg5 e5 27.Nc6 Be6 28.Nd8+ Rxd8
29.Qxd8 Bc4 30.Ke4 Re2+ 31.Be3  1-0

[Event "III Perla Baltyku A"]
[Site "Mielno POL"]
[Date "2007.06.25"]
[Round "9"]
[White "Owczarzak,J"]
[Black "Kusina,J"]
[Result "1/2-1/2"]
[WhiteElo "2389"]
[BlackElo "2147"]

1.e4 c5 2.Nf3 d6 3.d4 cxd4 4.Nxd4 Nf6 5.Nc3 a6 6.Be3 e5 7.Nb3 Be6 8.f3 Nbd7
9.g4 h6 10.Qd2 b5 11.O-O-O Nb6 12.Qf2 Nfd7 13.Kb1 Be7 14.h4 Qc7 15.Nd5 Bxd5
16.exd5 Rc8 17.c3 Rb8 18.Qg2 Nf6 19.f4 Nc4 20.Bc1 h5 21.gxh5 Nxh5 22.fxe5 dxe5
23.Bd3 a5 24.Bxc4 bxc4 25.d6 Bxd6 26.Nxa5 Be7 27.Nc6 Rc8 28.Nxe7 Qxe7 29.Qg4 Qe6
30.Qxe6+ fxe6 31.Rd6 Ke7 32.Rf1 Nf4 33.Rd7+ Kf6 34.Rg1 g6 35.Rg4 Kf5 36.Rg5+ Kf6
37.Rg4 Kf5 38.Rg5+ Kf6  1/2-1/2

[Event "King's Gambit B"]
[Site "Lipetsk RUS"]
[Date "2007.06.27"]
[Round "7"]
[White "Szieberth,A"]
[Black "Nikitin,Y2"]
[Result "1/2-1/2"]
[WhiteElo "2321"]
[BlackElo "2241"]

1.e4 c5 2.Nf3 d6 3.d4 cxd4 4.Nxd4 Nf6 5.Nc3 a6 6.Be3 e6 7.Be2 Be7 8.O-O O-O
9.f4 Qc7 10.a4 Nc6 11.Kh1 Bd7 12.Nb3 Na5 13.e5 Nd5 14.Nxd5 exd5 15.exd6 Bxd6
16.Nxa5 Qxa5 17.Bf3 Bc6 18.c4 Bc5 19.cxd5 Bxe3 20.dxc6 bxc6 21.Bxc6 Rab8
22.Rb1 Qc7 23.Bd5 Bxf4 24.Qg4 Rb4 25.Rbc1 Qd6 26.Rc4 Rxc4 27.Bxc4 Bxh2 28.Rxf7 Rxf7
29.Qc8+ Qf8 30.Bxf7+ Kxf7 31.Qc4+ Kf6 32.Kxh2 Qd6+ 33.g3 Qd2+ 34.Kh3 a5 35.Qh4+ Kf7
36.Qh5+ Kf6 37.Qh4+ Kf7 38.Qc4+ Kf6 39.b3 h6 40.Qc6+ Kg5 41.Qe6 Qc3 42.Qd5+ Kf6
43.Qd6+  1/2-1/2

[Event "White Nights"]
[Site "St Petersburg RUS"]
[Date "2007.06.28"]
[Round "4"]
[White "Sivokho,S"]
[Black "Kostin,S"]
[Result "1-0"]
[WhiteElo "2466"]
[BlackElo "2284"]

1.e4 c5 2.Nf3 d6 3.d4 cxd4 4.Nxd4 Nf6 5.Nc3 a6 6.Be3 e5 7.Nb3 Be7 8.f3 Be6
9.Qd2 O-O 10.O-O-O a5 11.Qe1 Qc8 12.a4 Nc6 13.g4 Nb4 14.Kb1 Qc7 15.g5 Nd7
16.Qf2 Rfc8 17.Rd2 Qd8 18.h4 Rc7 19.f4 Rac8 20.f5 Bxb3 21.cxb3 Bf8 22.Bb5 Nc5
23.Bc4 Kh8 24.Bxc5 Rxc5 25.Bxf7 Qc7 26.Be6 Rxc3 27.bxc3 Qxc3 28.Qe2 d5 29.Bxc8 Qxc8
30.Rc1 Qd7 31.Qb5 Qf7 32.Rxd5 Nxd5 33.Qxd5  1-0

[Event "35th World Open"]
[Site "King of Prussia USA"]
[Date "2007.06.30"]
[Round "1"]
[White "Erenburg,S"]
[Black "Critelli,J"]
[Result "1-0"]
[WhiteElo "2574"]
[BlackElo "2264"]

1.e4 c5 2.Nf3 d6 3.d4 cxd4 4.Nxd4 Nf6 5.Nc3 a6 6.Be3 e5 7.Nf3 Be7 8.Bc4 O-O
9.O-O Nc6 10.Re1 Be6 11.Nd5 Bxd5 12.exd5 Na5 13.Bf1 b5 14.b4 Nc4 15.Bxc4 bxc4
16.Bg5 Nd7 17.Bxe7 Qxe7 18.Nd4 Nf6 19.Nf5 Qd7 20.Ne3 Rfb8 21.c3 a5 22.a3 axb4
23.axb4 Qb5 24.Qf3 Kf8 25.g4 Kg8 26.g5 Ne8 27.Qe4 Rxa1 28.Rxa1 Rc8 29.Ra7 Rc7
30.Ra8 g6 31.Ng4 Kg7 32.Qf3 Re7 33.Qf6+  1-0

[Event "White Nights"]
[Site "St Petersburg RUS"]
[Date "2007.06.30"]
[Round "6"]
[White "Nikolaev,Y"]
[Black "Klobukov,S"]
[Result "1/2-1/2"]
[WhiteElo "2114"]
[BlackElo "1998"]

1.e4 c5 2.Nf3 d6 3.d4 cxd4 4.Nxd4 Nf6 5.Nc3 a6 6.Be3 e5 7.Nb3 Be7 8.Qd2 Be6
9.O-O-O Nbd7 10.f3 Rc8 11.g4 Bxb3 12.axb3 h6 13.h4 Qa5 14.Kb1 b5 15.Rg1 Nc5
16.g5 hxg5 17.hxg5 Nfd7 18.Qg2 g6 19.Rh1 Rf8 20.f4 Qb4 21.f5 Nxb3 22.cxb3 Rxc3
23.Bd2 Qxb3 24.Bxc3 Qxd1+ 25.Ka2 Qa4+ 26.Kb1 Qd1+  1/2-1/2

[Event "White Nights"]
[Site "St Petersburg RUS"]
[Date "2007.06.30"]
[Round "6"]
[White "Soloviov,Sergei"]
[Black "Lanin,A"]
[Result "1/2-1/2"]
[WhiteElo "2422"]
[BlackElo "2465"]

1.e4 c5 2.Nf3 d6 3.d4 cxd4 4.Nxd4 Nf6 5.Nc3 a6 6.Be3 e5 7.Nb3 Be6 8.Qd2 Be7
9.f3 O-O 10.O-O-O Qc7 11.g4 Rc8 12.Kb1 d5 13.g5 d4 14.gxf6 dxc3 15.Qxc3 Qxc3
16.bxc3 Bxf6 17.Nc5 Kf8 18.Nxe6+ fxe6 19.Rd3 Ke7 20.Bh3 Nd7 21.Rhd1 Nf8 22.Bc1 Kf7
23.Ba3  1/2-1/2